Campos de Níjar / (Record no. 181442)

MARC details
000 -LEADER
campo de control de longitud fija 00695nam a2200229 i 4500
001 - NÚMERO DE CONTROL
campo de control 181442
003 - IDENTIFICADOR DE NÚMERO DE CONTROL
campo de control ES-MaACL
005 - FECHA Y HORA DE LA ÚLTIMA TRANSACCIÓN
campo de control 20250721170601.0
008 - DATOS DE LONGITUD FIJA--INFORMACIÓN GENERAL
campo de control de longitud fija 130116s2010 sp | |||||||| |dspa d
080 ## - NÚMERO DE LA CLASIFICACIÓN DECIMAL UNIVERSAL
Número de la Clasificación Decimal Universal 913(460.358)
080 ## - NÚMERO DE LA CLASIFICACIÓN DECIMAL UNIVERSAL
Número de la Clasificación Decimal Universal 821.134.2-992"19"
100 1# - ENTRADA PRINCIPAL--NOMBRE DE PERSONA
Nombre de persona Goytisolo, Juan.
9 (RLIN) 59422
245 10 - MENCIÓN DEL TÍTULO
Título Campos de Níjar /
Mención de responsabilidad, etc. Juan Goytisolo.
260 ## - PUBLICACIÓN, DISTRIBUCIÓN, ETC.
Lugar de publicación, distribución, etc. [Madrid] :
Nombre del editor, distribuidor, etc. Diario Público,
Fecha de publicación, distribución, etc. D.L. 2010.
300 ## - DESCRIPCIÓN FÍSICA
Extensión 139 p. ;
Dimensiones 18 cm.
490 1# - MENCIÓN DE SERIE
Mención de serie Voces críticas
651 #4 - PUNTO DE ACCESO ADICIONAL DE MATERIA--NOMBRE GEOGRÁFICO
Nombre geográfico Almería (Provincia)-
Subdivisión general Descripción.
9 (RLIN) 139225
830 00 - PUNTO DE ACCESO ADICIONAL DE SERIE-TÍTULO UNIFORME
Título uniforme Voces críticas
9 (RLIN) 191445
852 ## - LOCALIZACIÓN
Ubicación ES-MaACL
Número de control de estantería A-12449
itemnumber 188343
Sublocalización o colección R.146853
Ubicación en estantería Depósito 1
Signatura antigua Olim: N-5454
942 ## - ELEMENTOS DE ENTRADA SECUNDARIOS (KOHA)
Fuente del sistema de clasificación o colocación Clasificación decimal universal
Tipo de ítem Koha Libro impreso
Holdings
Estatus retirado Estado de pérdida Fuente del sistema de clasificación o colocación Estado de daño No para préstamo Biblioteca de origen Biblioteca actual Ubicación en estantería Fecha de adquisición Fuente de adquisición Total de préstamos Signatura topográfica completa Código de barras Visto por última vez Precio de reemplazo Tipo de ítem Koha
    Clasificación decimal universal     Biblioteca del Ateneo de Madrid Biblioteca del Ateneo de Madrid Depósito 1 16/01/2013 Donación   A-12449 1190683 23/02/2023 23/02/2023 Libro impreso